Effect of bio-brush medium: A coir fibre based biomass retainer on treatment efficiency of an anaerobic filter type reactor (Record no. 57701)

MARC details
000 -LEADER
fixed length control field 00638nam a2200205Ia 4500
100 ## - MAIN ENTRY--AUTHOR NAME
Personal name Kudaligama K V V S
245 #0 - TITLE STATEMENT
Title Effect of bio-brush medium: A coir fibre based biomass retainer on treatment efficiency of an anaerobic filter type reactor
260 ## - PUBLICATION, DISTRIBUTION, ETC. (IMPRINT)
Name of publisher Journal of the Rubber Research Institute of Sri Lanka
Year of publication 2005
300 ## - PHYSICAL DESCRIPTION
Number of Pages 15-22
650 ## - SUBJECT ADDED ENTRY--TOPICAL TERM
Topical Term Anaerobic
650 ## - SUBJECT ADDED ENTRY--TOPICAL TERM
Topical Term Bio-brush
650 ## - SUBJECT ADDED ENTRY--TOPICAL TERM
Topical Term Coir fibre
650 ## - SUBJECT ADDED ENTRY--TOPICAL TERM
Topical Term Covered activated ditch
650 ## - SUBJECT ADDED ENTRY--TOPICAL TERM
Topical Term Specific surface area
650 ## - SUBJECT ADDED ENTRY--TOPICAL TERM
Topical Term Wastewater
700 ## - ADDED ENTRY--PERSONAL NAME
Personal name Thurul W M
700 ## - ADDED ENTRY--PERSONAL NAME
Personal name Yapa P A J
942 ## - ADDED ENTRY ELEMENTS (KOHA)
Koha item type Journals
Holdings
Withdrawn status Lost status Damaged status Not for loan Home library Current library Shelving location Date acquired Serial Enumeration / chronology Koha item type
      Journals RRII Library RRII Library Rubber general 02/05/2008 Volume 87, Issue .. Journals